Основы государства и права (Запись № 818063)

Подробности
000 -МАРКЕР
контрольное поле 02392nam0a2200373 4500
001 - ИДЕНТИФИКАТОР ЗАПИСИ
контрольное поле RU\NLR\bibl\448020
005 - ИДЕНТИФИКАТОР ВЕРСИИ
контрольное поле 20260407091538.0
021 ## - НОМЕР ГОСУДАРСТВЕННОЙ РЕГИСТРАЦИИ
Код страны Российская Федерация
Номер 2003-43447
Номер Листа государственной регистраци 2068
035 ## - ДРУГИЕ СИСТЕМНЫЕ НОМЕРА
Идентификатор записи (NLR Aleph) 000441673
100 ## - ДАННЫЕ ОБЩЕЙ ОБРАБОТКИ
Данные общей обработки 20031016d2003 |||y0rusy50 ca
101 0# - ЯЗЫК РЕСУРСА
Язык текста, звукозаписи и т.д. русский
102 ## - СТРАНА ПУБЛИКАЦИИ ИЛИ ПРОИЗВОДСТВА
Страна публикации Российская Федерация
105 ## - ПОЛЕ КОДИРОВАННЫХ ДАННЫХ: ТЕКСТОВЫЕ МАТЕРИАЛЫ, МОНОГРАФИЧЕСКИЕ
Кодированные данные о монографическом текстовом документе a |||||||||
200 1# - ЗАГЛАВИЕ И СВЕДЕНИЯ ОБ ОТВЕТСТВЕННОСТИ
Основное заглавие Основы государства и права
Сведения, относящиеся к заглавию Учеб. пособие
Первые сведения об ответственности [Зуев Николай Иванович - к.ю.н., Несвит Виктория Викторовна - к.ю.н., Попова Светлана Ивановна - к.ю.н. и др.
Последующие сведения об ответственности Под ред. к.ю.н. Н.И. Зуева и др.]
-- Гос. образоват. учреждение высш. проф. образования Моск. гос. юрид. акад. Магад. фил.
210 ## - ПУБЛИКАЦИЯ, РАСПРОСТРАНЕНИЕ И ДР.
Место издания, распространения и т.д. Магадан
Имя издателя, распространителя и т. д. МФ МГЮА
-- Сев. междунар. ун-т
Дата издания, распространения и т.д. 2003
215 ## - ФИЗИЧЕСКАЯ ХАРАКТЕРИСТИКА
Специфическое обозначение материала и объем 203, [1] с.
Другие сведения о физической характеристике схем.
Размеры 20
606 0# - НАИМЕНОВАНИЕ ТЕМЫ КАК ПРЕДМЕТ
Наименование темы Право
Формальный подзаголовок Руководства, пособия и т.п.
Географический подзаголовок Российская Федерация
Системный номер авторитетной/нормативной записи 2070216
Идентификатор авторитетной/нормативной записи RU\NLR\auth\661244932
606 0# - НАИМЕНОВАНИЕ ТЕМЫ КАК ПРЕДМЕТ
Наименование темы Право
Формальный подзаголовок Учебные издания для поступающих в высшие учебные заведения
Географический подзаголовок Российская Федерация
Системный номер авторитетной/нормативной записи 2070216
Идентификатор авторитетной/нормативной записи RU\NLR\auth\661244932
606 0# - НАИМЕНОВАНИЕ ТЕМЫ КАК ПРЕДМЕТ
Наименование темы Государство
Формальный подзаголовок Руководства, пособия и т.п.
Географический подзаголовок Российская Федерация
Системный номер авторитетной/нормативной записи 2070217
Идентификатор авторитетной/нормативной записи RU\NLR\auth\661244933
606 0# - НАИМЕНОВАНИЕ ТЕМЫ КАК ПРЕДМЕТ
Наименование темы Государство
Формальный подзаголовок Учебные издания для поступающих в высшие учебные заведения
Географический подзаголовок Российская Федерация
Системный номер авторитетной/нормативной записи 2070217
Идентификатор авторитетной/нормативной записи RU\NLR\auth\661244933
686 ## - ИНДЕКСЫ ДРУГИХ КЛАССИФИКАЦИЙ
Индекс Х0я72
686 ## - ИНДЕКСЫ ДРУГИХ КЛАССИФИКАЦИЙ
Индекс Х62я72
701 #1 - ИМЯ ЛИЦА - АЛЬТЕРНАТИВНАЯ ОТВЕТСТВЕННОСТЬ
Начальный элемент ввода Зуев
Часть имени, кроме начального элемента ввода Н. И.
Расширение инициалов личного имени Николай Иванович
Код отношения Автор
701 #1 - ИМЯ ЛИЦА - АЛЬТЕРНАТИВНАЯ ОТВЕТСТВЕННОСТЬ
Начальный элемент ввода Несвит
Часть имени, кроме начального элемента ввода В. В.
Расширение инициалов личного имени Виктория Викторовна
Код отношения Автор
701 #1 - ИМЯ ЛИЦА - АЛЬТЕРНАТИВНАЯ ОТВЕТСТВЕННОСТЬ
Код отношения Автор
Материалы, к которым относится поле rus
Графика поля Кириллица
Начальный элемент ввода Попова
Часть имени, кроме начального элемента ввода С. И.
Дополнения к именам, кроме дат канд. юрид. наук
Расширение инициалов личного имени Светлана Ивановна
Идентификатор авторитетной/нормативной записи RU\NLR\auth\7731357
Системный номер авторитетной/нормативной записи 14367
712 02 - НАИМЕНОВАНИЕ ОРГАНИЗАЦИИ - ВТОРИЧНАЯ ОТВЕТСТВЕННОСТЬ
Код отношения Издающая организация
Начальный элемент ввода Московская государственная юридическая академия
Структурное подразделение Магаданский филиал
Идентификатор авторитетной/нормативной записи RU\NLR\AUTH\8810049194
Системный номер авторитетной/нормативной записи 598442
801 #0 - ИСТОЧНИК ЗАПИСИ
Страна Российская Федерация
Организация NLR
Дата составления 20031016
Правила каталогизации PSBO
801 #1 - ИСТОЧНИК ЗАПИСИ
Страна Российская Федерация
Организация NLR
Дата составления 20031016
942 ## - ДОПОЛНИТЕЛЬНЫЕ ЭЛЕМЕНТЫ ЗАПИСИ (АБИС)
Тип экземпляра АБИС Книга
980 ## - КОЛЛЕКЦИЯ
Название коллекции Национальная библиография
980 ## - КОЛЛЕКЦИЯ
Название коллекции НБР
Экземпляры
Тип экземпляра Дата поступления Источник поступления Библиотека постоянного хранения Библиотека текущего хранения Место хранения Шифр хранения Штрих-код Статус экземпляра
Книга 16.10.2003 Обязательный экземпляр РНБ (Московский) РНБ (Московский) Русский книжный фонд: издания с 1957 года 2003-3/24811 567816  
Книга 16.10.2003 Обязательный экземпляр РНБ (Московский) РНБ (Московский) Русский книжный фонд: издания с 1957 года 2003-3/24811 567817